[Event "ICS rated blitz match"]
[Site "204.178.125.65"]
[Date "2000.03.28"]
[Round "?"]
[White "Hossa"]
[Black "BigThunder"]
[Result "1-0"]
[WhiteElo "2418"]
[BlackElo "1973"]
[PlyCount "75"]

1. e4 c5 2. Nf3 Nc6 3. d4 cxd4 4. Nxd4 Nf6 5. Nc3 e5 6. Ndb5 d6 7. Bg5 a6 8.
Na3 b5 9. Bxf6 gxf6 10. Nd5 Bg7 11. Bd3 O-O 12. O-O Ne7 13. c4 bxc4 14. Nxe7+
Qxe7 15. Nxc4 Be6 16. Qe2 Rfd8 17. Nb6 Qb7 18. Nxa8 Rxa8 19. Rfe1 d5 20. exd5
Bxd5 21. Qc2 h6 22. Bh7+ Kh8 23. Be4 Bxe4 24. Qxe4 Qxe4 25. Rxe4 f5 26. Rh4 Kh7
27. Rc1 e4 28. b4 Rd8 29. Rh5 Kg6 30. Rh3 Rd2 31. Ra3 Bd4 32. Rxa6+ f6 33. Rf1
f4 34. g3 f3 35. b5 Rb2 36. a4 Kf5 37. Rd6 Bc5 38. Rd5+ 1-0

[Event "ICS rated blitz match"]
[Site "204.178.125.65"]
[Date "2000.03.28"]
[Round "?"]
[White "BigThunder"]
[Black "Hossa"]
[Result "0-1"]
[WhiteElo "1971"]
[BlackElo "2420"]
[PlyCount "24"]

1. e4 e5 2. Nf3 Nc6 3. Bc4 Bc5 4. c3 Nf6 5. d4 exd4 6. O-O Nxe4 7. Re1 d5 8.
cxd4 Bb4 9. Bd2 O-O 10. Bd3 Nxd2 11. Nbxd2 Bg4 12. Re3 Nxd4 0-1

[Event "ICS rated blitz match"]
[Site "204.178.125.65"]
[Date "2000.03.28"]
[Round "?"]
[White "Hossa"]
[Black "BigThunder"]
[Result "1-0"]
[WhiteElo "2422"]
[BlackElo "1969"]
[PlyCount "45"]

1. e4 c5 2. Nf3 Nc6 3. d4 cxd4 4. Nxd4 Nf6 5. Nc3 e5 6. Ndb5 d6 7. Bg5 a6 8.
Na3 b5 9. Nd5 Be7 10. Bxf6 Bxf6 11. c3 O-O 12. Nc2 Rb8 13. Nxf6+ Qxf6 14. Ne3
Ne7 15. Be2 Bb7 16. Bd3 Qg6 17. O-O Bc6 18. Qc2 Rbd8 19. Rfd1 Qh5 20. c4 b4 21.
c5 Ng6 22. cxd6 Rxd6 23. Be2 1-0

[Event "ICS rated blitz match"]
[Site "204.178.125.65"]
[Date "2000.03.28"]
[Round "?"]
[White "BigThunder"]
[Black "Hossa"]
[Result "1-0"]
[WhiteElo "1967"]
[BlackElo "2424"]
[PlyCount "147"]

1. e4 e5 2. Nf3 Nc6 3. Bc4 Bc5 4. c3 Nf6 5. d3 d6 6. Bb3 O-O 7. O-O a6 8. Re1
Be6 9. Nbd2 Ng4 10. Re2 Qd7 11. Nf1 Bxb3 12. Qxb3 Rfe8 13. Ng3 Bb6 14. h3 Nf6
15. Bg5 Re6 16. Nf5 Rae8 17. Qd1 d5 18. Rd2 Qc8 19. Qe2 h6 20. Bh4 Qd7 21. Rad1
Bc5 22. b4 Bb6 23. a3 d4 24. c4 Nh7 25. g4 Rg6 26. Kh2 Ba7 27. Rg1 b5 28. c5
Ng5 29. Bxg5 hxg5 30. Kg3 a5 31. Rb2 axb4 32. axb4 Bb8 33. h4 gxh4+ 34. N3xh4
Rge6 35. Qd2 Qd8 36. Rh1 Ba7 37. Nf3 Rg6 38. Rh4 Ne7 39. Nxe7+ Qxe7 40. Rb1 Qf6
41. Rbh1 Kf8 42. Rh5 Qf4+ 43. Qxf4 exf4+ 44. Kxf4 Rf6+ 45. Rf5 Rxf5+ 46. Kxf5
f6 47. Kg6 Rd8 48. Rh8+ Ke7 49. Rxd8 Kxd8 50. Kxg7 Ke7 51. Nxd4 Bxc5 52. bxc5
b4 53. Nc6+ Ke6 54. Nxb4 Ke5 55. Nd5 c6 56. Nxf6 Kf4 57. Nd7 Kxg4 58. Kf6 Kf3
59. e5 Kxf2 60. e6 Ke3 61. e7 Kxd3 62. e8=Q Kc2 63. Ne5 Kd2 64. Qxc6 Kc3 65.
Qd5 Kb4 66. c6 Kc3 67. Qc4+ Kd2 68. Qd3+ Ke1 69. Qc2 Kf1 70. c7 Kg1 71. c8=Q
Kf1 72. Q8f5+ Kg1 73. Qff2+ Kh1 74. Qh2# 1-0

[Event "ICS rated bullet match"]
[Site "204.178.125.65"]
[Date "2000.03.28"]
[Round "?"]
[White "enpasant1"]
[Black "Hossa"]
[Result "0-1"]
[WhiteElo "1225"]
[BlackElo "2412"]
[PlyCount "52"]

1. e3 e5 2. d3 Nc6 3. Nf3 Nf6 4. Bd2 d5 5. Nc3 Be7 6. d4 Bg4 7. Be2 Bxf3 8.
Bxf3 exd4 9. exd4 Nxd4 10. Be3 Nxf3+ 11. Qxf3 Bb4 12. O-O-O Bxc3 13. bxc3 Ne4
14. Rd3 c6 15. Qg4 O-O 16. f3 f5 17. Qh5 Nd6 18. g4 Qa5 19. Kb1 Nc4 20. Bc1
Qb6+ 21. Ka1 g6 22. Qh4 fxg4 23. fxg4 Rae8 24. Qg3 Re2 25. Rhd1 Rxc2 26. R1d2
Rxc1# 0-1

[Event "ICS rated standard match"]
[Site "204.178.125.65"]
[Date "2000.03.28"]
[Round "?"]
[White "Hossa"]
[Black "STYNETS"]
[Result "1-0"]
[WhiteElo "2323"]
[BlackElo "2436"]
[PlyCount "101"]

1. e4 c5 2. Nf3 d6 3. Bb5+ Bd7 4. Bxd7+ Qxd7 5. c4 Nc6 6. Nc3 g6 7. d4 Bg7 8.
d5 Nd4 9. Nxd4 Bxd4 10. Nb5 Bg7 11. Qa4 Kf8 12. O-O Nf6 13. Qc2 h6 14. Qd3 Kg8
15. Re1 Ng4 16. h3 Ne5 17. Qe2 a6 18. Nc3 b5 19. cxb5 c4 20. bxa6 Nd3 21. Rd1
Rxa6 22. Rxd3 cxd3 23. Qxd3 Qb7 24. Nb5 Kh7 25. a3 Rb8 26. Nd4 Bxd4 27. Qxd4
Qb6 28. Qd2 g5 29. Qe2 Ra4 30. h4 Qd4 31. Qh5 Qg7 32. hxg5 Rxe4 33. Be3 Rxb2
34. Qf3 Qg6 35. gxh6 Re5 36. Rd1 Rb1 37. Bc1 Ra1 38. Qc3 Rb1 39. a4 Re2 40. Qf3
Ra2 41. Qf4 Raa1 42. Re1 e5 43. dxe6 fxe6 44. Qc4 Qf7 45. a5 d5 46. Qc2+ Qf5
47. Qc7+ Kg6 48. Qg7+ Kh5 49. h7 Rb8 50. Qh6+ Kg4 51. Qh3# 1-0

[Event "ICS rated bullet match"]
[Site "204.178.125.65"]
[Date "2000.03.28"]
[Round "?"]
[White "Hossa"]
[Black "Falible"]
[Result "1-0"]
[WhiteElo "2412"]
[BlackElo "2236"]
[PlyCount "97"]

1. e4 b6 2. d4 d6 3. Nf3 Bb7 4. Bb5+ Nd7 5. d5 a6 6. Bxd7+ Qxd7 7. c4 g6 8. Nc3
Bg7 9. Bg5 Bxc3+ 10. bxc3 f6 11. Be3 a5 12. Nd4 Ba6 13. Qd3 Kf7 14. Ne6 h5 15.
O-O Rc8 16. a4 Nh6 17. Bxh6 Rxh6 18. Rfb1 Ra8 19. Rb2 Bc8 20. Qe3 Rh7 21. Qf3
Kg8 22. Qg3 Rh6 23. Qf4 Rh7 24. Qd2 Ra7 25. Nd4 Qe8 26. Nc6 Rb7 27. Qf4 Bd7 28.
Nxa5 Ra7 29. Nb3 Qa8 30. a5 Kf7 31. Rba2 Rh8 32. Qd2 bxa5 33. Rxa5 Rxa5 34.
Rxa5 Qb7 35. Qa2 Rb8 36. Ra3 Qb6 37. Qb2 Qb7 38. Qe2 h4 39. Qe3 Kg7 40. Qf4 Qb6
41. Qxh4 Qb7 42. f3 Ra8 43. Rxa8 Qxa8 44. Qe1 Qa3 45. Nd4 Qa7 46. Kf1 Qc5 47.
Qe2 Be8 48. Ne6+ Kf7 49. Nxc5 1-0

[Event "ICS Rated blitz match"]
[Site "204.178.125.65"]
[Date "2000.03.28"]
[Round "?"]
[White "Hossa"]
[Black "accelerator"]
[Result "1-0"]
[WhiteElo "2394"]
[BlackElo "2423"]
[PlyCount "57"]

1. e4 c5 2. c3 d5 3. exd5 Qxd5 4. d4 Nf6 5. Nf3 Bg4 6. Be2 e6 7. h3 Bh5 8. O-O
Nc6 9. Be3 cxd4 10. cxd4 Be7 11. Nc3 Qd6 12. Qb3 O-O 13. Rfd1 Rfd8 14. a3 Rac8
15. Rac1 Nd5 16. Nxd5 exd5 17. Qxb7 Na5 18. Qxa7 Nb3 19. Bf4 Qxf4 20. Rxc8 Rxc8
21. Qxe7 Bxf3 22. Bxf3 Nxd4 23. Bxd5 h5 24. g3 Nf3+ 25. Kg2 Qe5 26. Bxf7+ Kh8
27. Rd5 Ne1+ 28. Kh1 Nf3 29. Rxe5 1-0

[Event "ICS rated blitz match"]
[Site "204.178.125.65"]
[Date "2000.03.28"]
[Round "?"]
[White "Hossa"]
[Black "STYNETS"]
[Result "1/2-1/2"]
[WhiteElo "2411"]
[BlackElo "2045"]
[PlyCount "129"]

1. d4 Nf6 2. c4 g6 3. Nc3 Bg7 4. e4 O-O 5. Nf3 d6 6. Be2 e5 7. dxe5 dxe5 8.
Qxd8 Rxd8 9. Bg5 Re8 10. Bxf6 Bxf6 11. Nd5 Bd8 12. O-O-O c6 13. Nb4 Bb6 14.
Rhf1 Bg4 15. Nc2 Nd7 16. h3 Bxf3 17. Bxf3 Nc5 18. b4 Ne6 19. Rd7 Rab8 20. c5
Bd8 21. Bg4 Bg5+ 22. Kb1 Nf4 23. g3 Ne6 24. h4 Bf6 25. Bxe6 Rxe6 26. Rd6 a5 27.
Rxe6 fxe6 28. Rd1 Rd8 29. Rxd8+ Bxd8 30. a3 b6 31. cxb6 Bxb6 32. bxa5 Bxa5 33.
Ne3 Bb6 34. Nd1 Kf7 35. a4 Ke7 36. Kc2 Kd6 37. Kb3 Bd4 38. Kc4 c5 39. Kb5 h5
40. a5 Kc7 41. f3 Kb7 42. Ka4 c4 43. Kb4 Ka6 44. Kxc4 Kxa5 45. Kd3 Kb4 46. Ne3
Bxe3 47. Kxe3 Kc3 48. Ke2 Kd4 49. Kd2 Kc4 50. g4 Kd4 51. g5 Kc4 52. Ke3 Kc5 53.
Kd3 Kb4 54. Kc2 Kc4 55. Kd2 Kd4 56. Ke2 Kc3 57. Ke3 Kc4 58. Kd2 Kd4 59. Ke2 Kc4
60. Ke3 Kc3 61. Ke2 Kc2 62. Ke3 Kc3 63. Ke2 Kc2 64. Ke3 Kc3 65. Ke2 1/2-1/2

[Event "ICS rated bullet match"]
[Site "204.178.125.65"]
[Date "2000.03.28"]
[Round "?"]
[White "KyFats"]
[Black "Hossa"]
[Result "1-0"]
[WhiteElo "2452"]
[BlackElo "2421"]
[PlyCount "111"]

1. d4 d5 2. c4 c6 3. Nc3 Nf6 4. Nf3 dxc4 5. a4 c5 6. e3 cxd4 7. Bxc4 Nc6 8.
Nxd4 e5 9. Nxc6 Qxd1+ 10. Nxd1 bxc6 11. O-O Bb4 12. f3 O-O 13. Nf2 c5 14. Nd3
Re8 15. e4 a5 16. Be3 Ba6 17. Rac1 Bxc4 18. Rxc4 Rad8 19. Nxc5 Rd6 20. g3 Rb8
21. Rfc1 h6 22. R4c2 Kh7 23. Kf2 g6 24. Ke2 Bxc5 25. Bxc5 Rd7 26. Ba3 Rd4 27.
Rc7 Kg7 28. R1c4 Rxc4 29. Rxc4 Nd7 30. Rc7 Nb6 31. b3 Na8 32. Ra7 Rxb3 33. Bd6
Nb6 34. Bxe5+ Kg8 35. Rb7 Nc4 36. Rxb3 Nxe5 37. Rb5 Nc6 38. Rc5 Nd4+ 39. Ke3
Nb3 40. Rb5 Nc1 41. Kd2 Na2 42. Rb2 Nb4 43. Rxb4 axb4 44. a5 Kg7 45. a6 h5 46.
Kd3 b3 47. Kc3 g5 48. a7 f6 49. h4 g4 50. fxg4 hxg4 51. a8=Q b2 52. Qb7+ Kg6
53. Kxb2 Kh6 54. Qf7 f5 55. h5 fxe4 56. Qg6# 1-0

[Event "ICS rated blitz match"]
[Site "204.178.125.65"]
[Date "2000.03.28"]
[Round "?"]
[White "joejan"]
[Black "Hossa"]
[Result "1-0"]
[WhiteElo "2180"]
[BlackElo "2398"]
[PlyCount "101"]

1. e4 c6 2. d4 d5 3. e5 Bf5 4. Ne2 e6 5. Ng3 Ne7 6. Nxf5 Nxf5 7. c3 c5 8. Bd3
cxd4 9. Bxf5 exf5 10. cxd4 Bb4+ 11. Bd2 Qb6 12. Bxb4 Qxb4+ 13. Qd2 Nc6 14. Qxb4
Nxb4 15. Kd2 Rc8 16. Na3 O-O 17. Rhc1 Rxc1 18. Rxc1 Nxa2 19. Rc7 Nb4 20. Rxb7
Nc6 21. Nc2 Ra8 22. Rd7 Rd8 23. Rc7 Na5 24. b4 Nc4+ 25. Kc3 a6 26. Rc6 Ra8 27.
Rxc4 dxc4 28. d5 Re8 29. f4 g5 30. g3 h5 31. Ne3 f6 32. e6 Ra8 33. Nxf5 gxf4
34. gxf4 a5 35. d6 axb4+ 36. Kxb4 c3 37. Kxc3 Ra3+ 38. Kb4 Rf3 39. d7 Rxf4+ 40.
Kc3 Rxf5 41. d8=Q+ Kg7 42. e7 Rc5+ 43. Kd4 Re5 44. e8=Q Rxe8 45. Qxe8 h4 46.
Qh5 Kf8 47. Kd5 Kg7 48. Ke6 h3 49. Qg4+ Kh6 50. Kxf6 Kh7 51. Qg7# 1-0

[Event "ICS rated blitz match"]
[Site "204.178.125.65"]
[Date "2000.03.28"]
[Round "?"]
[White "HaraldLdahl"]
[Black "Hossa"]
[Result "0-1"]
[WhiteElo "2177"]
[BlackElo "2373"]
[PlyCount "126"]

1. e4 e5 2. Nf3 Nc6 3. Bb5 a6 4. Ba4 Nf6 5. O-O Be7 6. d3 b5 7. Bb3 O-O 8. Re1
d6 9. h3 Bd7 10. Nbd2 Be6 11. Nf1 a5 12. Ne3 Qd7 13. Nd5 Bxd5 14. Bxd5 Nxd5 15.
exd5 Nb4 16. c4 Qf5 17. cxb5 Rab8 18. a4 Nxd3 19. Re2 e4 20. Ne1 Rfe8 21. Be3
Qxd5 22. Nxd3 exd3 23. Rd2 Bf6 24. Rxd3 Qe4 25. Rd2 Qe7 26. Rc1 Rbc8 27. Rdc2
Be5 28. Qd5 Qd8 29. Qb7 d5 30. Rd2 Qh4 31. Rxd5 Bxb2 32. Rcd1 Qxa4 33. Qc6 Qe4
34. Rd7 Qxc6 35. bxc6 a4 36. Bd4 Bxd4 37. R1xd4 a3 38. Ra4 Ra8 39. Rxa8 Rxa8
40. Rd1 a2 41. Ra1 Kf8 42. Kf1 Ke7 43. Ke2 Kd6 44. Kd2 Kxc6 45. Kc2 Kd5 46. Kb2
Ra6 47. Rd1+ Kc4 48. Ka1 c5 49. f3 Kc3 50. g4 c4 51. f4 Ra7 52. h4 Kb3 53. f5
c3 54. Rd6 Rb7 55. f6 c2 56. Rc6 gxf6 57. g5 fxg5 58. hxg5 Rb4 59. g6 Rc4 60.
Rxc4 Kxc4 61. Kb2 a1=Q+ 62. Kxa1 Kb3 63. gxh7 c1=Q# 0-1

[Event "ICS rated blitz match"]
[Site "204.178.125.65"]
[Date "2000.03.28"]
[Round "?"]
[White "Hossa"]
[Black "HaraldLdahl"]
[Result "0-1"]
[WhiteElo "2381"]
[BlackElo "2169"]
[PlyCount "122"]

1. Nf3 d5 2. g3 c6 3. Bg2 Bg4 4. b3 Bxf3 5. exf3 e6 6. O-O Nf6 7. d4 Bd6 8. c4
O-O 9. Nc3 a6 10. Bg5 b5 11. c5 Be7 12. a3 a5 13. Re1 Nbd7 14. Bd2 Qb8 15. Bf4
Qc8 16. Qd2 h6 17. Bd6 Bxd6 18. cxd6 Qb8 19. Qc2 Qxd6 20. f4 Rab8 21. Qd3 Rfc8
22. Ra2 Qc7 23. b4 a4 24. Rc2 Qd6 25. Rcc1 Nb6 26. f5 exf5 27. Qxf5 Nc4 28. Nb1
Re8 29. Qc2 Qd7 30. Qd3 Rxe1+ 31. Rxe1 Re8 32. Rxe8+ Qxe8 33. Qd1 Qe7 34. Bf1
Ne8 35. Bxc4 dxc4 36. Nc3 Nc7 37. Kf1 Nd5 38. Nxd5 cxd5 39. Qe2 Qxe2+ 40. Kxe2
f5 41. h4 Kf7 42. h5 Kf6 43. f4 g6 44. hxg6 Kxg6 45. Ke3 Kh5 46. Kf3 c3 47. Ke3
Kg4 48. Kd3 Kxg3 49. Kc2 h5 50. Kxc3 h4 51. Kd3 h3 52. Kc3 h2 53. Kc2 h1=Q 54.
Kb2 Qf3 55. Kc2 Qxa3 56. Kd2 Qb3 57. Kc1 a3 58. Kd2 a2 59. Ke2 a1=Q 60. Kd2
Qaa2+ 61. Kc1 Qbb1# 0-1

[Event "ICS rated standard match"]
[Site "204.178.125.65"]
[Date "2000.03.28"]
[Round "?"]
[White "Hossa"]
[Black "janh"]
[Result "1-0"]
[WhiteElo "2325"]
[BlackElo "2288"]
[PlyCount "87"]

1. e4 Nf6 2. e5 Nd5 3. d4 d6 4. c4 Nb6 5. exd6 cxd6 6. Nc3 g6 7. Be3 Bg7 8. h3
O-O 9. Nf3 Nc6 10. Be2 d5 11. cxd5 Nxd5 12. O-O Bf5 13. Rc1 Be6 14. Qd2 Qb6 15.
b3 Rad8 16. Nxd5 Bxd5 17. Ne5 Nxe5 18. dxe5 Qe6 19. Qa5 Qxe5 20. Rfe1 Ra8 21.
Bg4 b6 22. Qd2 Qd6 23. Bf4 e5 24. Bg5 f5 25. Be2 Qe6 26. Red1 h6 27. Bxh6 Bxh6
28. Qxh6 Rad8 29. Rc7 Rf7 30. Rxf7 Qxf7 31. Bc4 b5 32. Bxd5 Rxd5 33. Rxd5 Qxd5
34. Qxg6+ Kh8 35. Qxf5 Kg7 36. g4 b4 37. h4 Qd6 38. h5 a6 39. Kg2 Qc6+ 40. f3
Qb5 41. Qe4 Qa5 42. Kh3 Kf6 43. Qc6+ Ke7 44. h6 1-0

[Event "ICS rated blitz match"]
[Site "204.178.125.65"]
[Date "2000.03.28"]
[Round "?"]
[White "Maup"]
[Black "Hossa"]
[Result "0-1"]
[WhiteElo "2088"]
[BlackElo "2356"]
[PlyCount "30"]

1. g3 d5 2. Bg2 c6 3. d3 Nf6 4. b3 e5 5. h3 Nbd7 6. Bb2 Be7 7. Nd2 d4 8. e4
dxe3 9. fxe3 Nd5 10. Bxd5 cxd5 11. e4 d4 12. Ne2 O-O 13. O-O Nb6 14. Kg2 f5 15.
exf5 Nd5 0-1

[Event "ICS rated blitz match"]
[Site "204.178.125.65"]
[Date "2000.03.28"]
[Round "?"]
[White "Hossa"]
[Black "ALECS"]
[Result "1-0"]
[WhiteElo "2362"]
[BlackElo "2080"]
[PlyCount "53"]

1. d4 d5 2. c4 c6 3. Nf3 Nf6 4. Nc3 e6 5. e3 Nbd7 6. Qc2 Be7 7. Bd2 a6 8. cxd5
exd5 9. Bd3 Nf8 10. O-O-O g6 11. Kb1 Ne6 12. h4 Ng7 13. Rc1 Bf5 14. Bxf5 Nxf5
15. h5 O-O 16. hxg6 fxg6 17. Ne5 Bd6 18. g4 Ng7 19. f3 Qe7 20. Nxg6 hxg6 21.
Qxg6 Qf7 22. Qh6 Qe6 23. Ne2 Nd7 24. Qh7+ Kf7 25. Rh6 Nf6 26. Qg6+ Kg8 27. Rch1
1-0

[Event "ICS rated blitz match"]
[Site "204.178.125.65"]
[Date "2000.03.28"]
[Round "?"]
[White "ALECS"]
[Black "Hossa"]
[Result "0-1"]
[WhiteElo "2075"]
[BlackElo "2367"]
[PlyCount "54"]

1. d4 d5 2. c4 c6 3. Nf3 Nf6 4. Nc3 e6 5. e3 Nbd7 6. Bd3 dxc4 7. Bxc4 b5 8. Bd3
Bb7 9. O-O a6 10. e4 c5 11. e5 cxd4 12. Nxb5 Bxf3 13. Qxf3 Nd5 14. Nxd4 Nxe5
15. Qe2 Nxd3 16. Qxd3 Bc5 17. b3 Nb4 18. Qe4 Bxd4 19. Rd1 Bxa1 20. Rxd8+ Rxd8
21. g3 a5 22. Bg5 Rd1+ 23. Kg2 Rd5 24. Qc4 Kd7 25. Bf4 Rc8 26. Qe4 h5 27. Qh7
Rf5 0-1

[Event "ICS rated bullet match"]
[Site "204.178.125.65"]
[Date "2000.03.28"]
[Round "?"]
[White "WillsGambit"]
[Black "Hossa"]
[Result "0-1"]
[WhiteElo "1501"]
[BlackElo "2406"]
[PlyCount "36"]

1. d4 d5 2. Nc3 Nf6 3. Bf4 c5 4. e3 cxd4 5. Qxd4 Nc6 6. Qa4 Bd7 7. Bb5 e5 8.
Bg5 a6 9. Bxc6 Bxc6 10. Qh4 d4 11. O-O-O Bxg2 12. exd4 Qd6 13. dxe5 Qxe5 14.
Bf4 Qc5 15. Nd5 Nxd5 16. Be3 Nxe3 17. Qd8+ Rxd8 18. Rxd8+ Kxd8 0-1

[Event "ICS rated bullet match"]
[Site "204.178.125.65"]
[Date "2000.03.28"]
[Round "?"]
[White "Hossa"]
[Black "WillsGambit"]
[Result "1-0"]
[WhiteElo "2406"]
[BlackElo "1501"]
[PlyCount "37"]

1. e4 d6 2. d4 e5 3. Nf3 exd4 4. Nxd4 c5 5. Nf3 Nf6 6. Nc3 Nc6 7. Bb5 a6 8.
Bxc6+ bxc6 9. e5 Nd5 10. Nxd5 cxd5 11. Qxd5 Be6 12. Qc6+ Bd7 13. Qe4 Qa5+ 14.
Bd2 Qb5 15. exd6+ Kd8 16. Qxa8+ Bc8 17. Ne5 Bxd6 18. Nxf7+ Ke8 19. Nxd6+ 1-0

[Event "ICS rated blitz match"]
[Site "204.178.125.65"]
[Date "2000.03.28"]
[Round "?"]
[White "ALECS"]
[Black "Hossa"]
[Result "0-1"]
[WhiteElo "2052"]
[BlackElo "2372"]
[PlyCount "68"]

1. d4 d5 2. c4 c6 3. Nf3 Nf6 4. Nc3 e6 5. e3 Nbd7 6. Bd3 dxc4 7. Bxc4 b5 8. Bd3
Bb7 9. e4 b4 10. e5 bxc3 11. exf6 Bb4 12. O-O gxf6 13. bxc3 Bxc3 14. Rb1 Nb6
15. a4 Rb8 16. Ba3 e5 17. dxe5 fxe5 18. Qe2 Qc7 19. Qc2 Nd5 20. Rb3 Ba5 21. Bc4
f6 22. Qf5 Bc8 23. Qh5+ Kd8 24. Rc1 Rxb3 25. Bxb3 Be6 26. Qh6 Re8 27. Qh4 Kc8
28. Bc5 Nf4 29. Bxe6+ Rxe6 30. Nd4 exd4 31. Qg4 h5 32. Qf5 Qe5 33. Qxe5 Rxe5
34. Kf1 Nd3 0-1

[Event "ICS rated standard match"]
[Site "204.178.125.65"]
[Date "2000.03.28"]
[Round "?"]
[White "ET2000"]
[Black "Hossa"]
[Result "1-0"]
[WhiteElo "2673"]
[BlackElo "2339"]
[PlyCount "85"]

1. e4 e5 2. Bc4 Nf6 3. d3 c6 4. Nf3 d5 5. Bb3 Bd6 6. Nc3 dxe4 7. Ng5 O-O 8.
Ncxe4 Nxe4 9. Nxe4 Be7 10. O-O Bf5 11. Qh5 Bxe4 12. dxe4 Nd7 13. Be3 Qc7 14. c3
Nc5 15. Bc2 Ne6 16. Rad1 Bc5 17. Bc1 Bd6 18. Rd3 g6 19. Qh6 Nc5 20. Rh3 f6 21.
Rd1 Rf7 22. b4 Bf8 23. Qh4 Ne6 24. Rhd3 c5 25. Be3 Qc6 26. bxc5 Bxc5 27. Bb3
Bxe3 28. fxe3 Qe8 29. Rd6 Nc5 30. Bxf7+ Qxf7 31. Rxf6 Qxa2 32. Rf2 Qa5 33. Qe7
Qb6 34. Rf7 Ne6 35. Rd7 Qxe3+ 36. Rf2 Qc1+ 37. Rf1 Qe3+ 38. Kh1 Qh6 39. Qxe6+
Kh8 40. Qf6+ Kg8 41. Rd8+ Rxd8 42. Qxd8+ Kg7 43. Qf8# 1-0

[Event "ICS rated blitz match"]
[Site "204.178.125.65"]
[Date "2000.03.28"]
[Round "?"]
[White "Hossa"]
[Black "joejan"]
[Result "1-0"]
[WhiteElo "2376"]
[BlackElo "2205"]
[PlyCount "57"]

1. e4 c5 2. Nf3 d6 3. d4 cxd4 4. Nxd4 Nf6 5. Nc3 a6 6. Bg5 e6 7. f4 h6 8. Bh4
Be7 9. Qf3 Qc7 10. Be2 Nbd7 11. O-O-O b5 12. Bxf6 Bxf6 13. e5 Bb7 14. Ncxb5
axb5 15. Nxb5 Bxf3 16. Nxc7+ Kd8 17. Nxa8 Bxe2 18. Rd2 dxe5 19. Nb6 Bb5 20.
Nxd7 Bxd7 21. Rhd1 exf4 22. Rxd7+ Kc8 23. Rxf7 e5 24. Rd5 e4 25. Rc5+ Kb8 26.
Rb5+ Kc8 27. Ra7 g5 28. Rc5+ Kd8 29. Rf5 1-0

[Event "ICS rated blitz match"]
[Site "204.178.125.65"]
[Date "2000.03.28"]
[Round "?"]
[White "joejan"]
[Black "Hossa"]
[Result "0-1"]
[WhiteElo "2196"]
[BlackElo "2385"]
[PlyCount "42"]

1. e4 c5 2. Nc3 Nc6 3. f4 g6 4. Nf3 Bg7 5. Bc4 e6 6. f5 Nge7 7. fxe6 fxe6 8. a3
d5 9. Ba2 O-O 10. O-O d4 11. Ne2 d3 12. Ng3 dxc2 13. Qxc2 Nd4 14. Qd3 Nxf3+ 15.
Rxf3 Qxd3 16. Rxd3 Nc6 17. Rd6 Nd4 18. d3 Be5 19. Rxd4 Bxd4+ 20. Kh1 h5 21. Bh6
Rf2 0-1

[Event "ICS rated bullet match"]
[Site "204.178.125.65"]
[Date "2000.03.28"]
[Round "?"]
[White "Brainbuster"]
[Black "Hossa"]
[Result "0-1"]
[WhiteElo "1490"]
[BlackElo "2406"]
[PlyCount "26"]

1. f4 e5 2. d3 exf4 3. Bxf4 Qf6 4. Bg3 Qxb2 5. Nd2 Nc6 6. Ngf3 Nb4 7. Rc1 Nxa2
8. Rb1 Qa3 9. e4 Nc3 10. Qc1 Nxb1 11. Qxb1 Bd6 12. Nc4 Qb4+ 13. Ke2 Qxb1 0-1

[Event "ICS rated bullet match"]
[Site "204.178.125.65"]
[Date "2000.03.28"]
[Round "?"]
[White "Hossa"]
[Black "Brainbuster"]
[Result "1-0"]
[WhiteElo "2406"]
[BlackElo "1490"]
[PlyCount "37"]

1. e4 c5 2. Nf3 e6 3. d4 cxd4 4. Nxd4 d5 5. exd5 exd5 6. Bb5+ Nc6 7. Nxc6 bxc6
8. Bxc6+ Bd7 9. Bxa8 Qxa8 10. O-O Nf6 11. Nc3 Be7 12. Bg5 O-O 13. Bxf6 Bxf6 14.
Nxd5 Bxb2 15. Ne7+ Kh8 16. Qxd7 Bxa1 17. Rxa1 Qe4 18. Rc1 Qf4 19. Rb1 1-0

[Event "ICS rated bullet match"]
[Site "204.178.125.65"]
[Date "2000.03.28"]
[Round "?"]
[White "Hossa"]
[Black "Timbo"]
[Result "1-0"]
[WhiteElo "2406"]
[BlackElo "1896"]
[PlyCount "51"]

1. d4 d5 2. c4 e6 3. Nc3 dxc4 4. e3 c5 5. Nf3 cxd4 6. exd4 Nf6 7. Bxc4 Nc6 8.
O-O Bd6 9. d5 exd5 10. Re1+ Be6 11. Nxd5 Nxd5 12. Bxd5 O-O 13. Bxe6 fxe6 14.
Qb3 Qd7 15. Rxe6 Kh8 16. Re2 Bb4 17. Bg5 Rae8 18. Rd1 Qf5 19. Rxe8 Rxe8 20. a3
Ba5 21. Qxb7 Qc2 22. Rc1 Qxb2 23. Qxb2 Rf8 24. Rxc6 Bb6 25. Bh6 Rf7 26. Rc8+
1-0

[Event "ICS rated bullet match"]
[Site "204.178.125.65"]
[Date "2000.03.28"]
[Round "?"]
[White "Lorcho"]
[Black "Hossa"]
[Result "0-1"]
[WhiteElo "1976"]
[BlackElo "2408"]
[PlyCount "94"]

1. e4 c5 2. e5 Nc6 3. c3 Nxe5 4. d4 cxd4 5. cxd4 Ng6 6. Nc3 Nf6 7. Nf3 d6 8.
Bd3 Bg4 9. O-O Nh4 10. Be2 Nxf3+ 11. Bxf3 Bxf3 12. Qxf3 d5 13. Qd3 e6 14. Bg5
Be7 15. Qb5+ Qd7 16. Qd3 O-O 17. f4 Ng4 18. Bxe7 Qxe7 19. Qg3 f5 20. h3 Nf6 21.
Qe3 Ne4 22. Nxe4 fxe4 23. Rae1 Rf6 24. Re2 Rc8 25. Ref2 Qd7 26. Qb3 Qf7 27. Re2
Rxf4 28. Rxf4 Rc1+ 29. Kh2 Qxf4+ 30. Qg3 Rh1+ 31. Kxh1 Qxg3 32. Kg1 Qd3 33. Rf2
Qd1+ 34. Rf1 Qxd4+ 35. Kh2 Qxb2 36. Rg1 Qxa2 37. Rc1 Qb2 38. Rc8+ Kf7 39. Rc7+
Kf6 40. Rc8 e3 41. Rf8+ Kg6 42. Rf3 Qe5+ 43. Rg3+ Kh6 44. h4 e2 45. Kh3 e1=Q
46. Rg6+ Kxg6 47. h5+ Qxh5# 0-1

[Event "ICS rated bullet match"]
[Site "204.178.125.65"]
[Date "2000.03.29"]
[Round "?"]
[White "izirom"]
[Black "Hossa"]
[Result "0-1"]
[WhiteElo "1955"]
[BlackElo "2418"]
[PlyCount "44"]

1. e4 e5 2. Nf3 Nc6 3. Bb5 a6 4. Ba4 Nf6 5. O-O Be7 6. Re1 b5 7. Bb3 O-O 8. c3
d5 9. exd5 Nxd5 10. a4 Bb7 11. axb5 axb5 12. Rxa8 Bxa8 13. Nxe5 Nxe5 14. Rxe5
Bf6 15. Re1 Nf4 16. f3 Nd3 17. Rf1 Be7 18. Qe2 Bc5+ 19. Kh1 Re8 20. Qd1 Nf2+
21. Rxf2 Bxf2 22. d4 Re1+ 0-1

[Event "ICS rated bullet match"]
[Site "204.178.125.65"]
[Date "2000.03.29"]
[Round "?"]
[White "Hossa"]
[Black "izirom"]
[Result "1-0"]
[WhiteElo "2420"]
[BlackElo "1953"]
[PlyCount "73"]

1. e4 c5 2. Nf3 d6 3. d4 cxd4 4. Nxd4 Nf6 5. Nc3 g6 6. Be3 Bg7 7. f3 O-O 8. Qd2
Nc6 9. Bc4 Bd7 10. O-O-O Rc8 11. Bb3 Ne5 12. h4 Nc4 13. Bxc4 Rxc4 14. h5 Nxh5
15. g4 Nf6 16. Bh6 Nxe4 17. Qe3 Rxc3 18. bxc3 Nf6 19. Bxg7 Kxg7 20. Rh2 Rh8 21.
Nb3 Be6 22. Kb2 a5 23. Qh6+ Kg8 24. Rd4 b5 25. Rh1 Qb6 26. Nd2 b4 27. Nb3 bxc3+
28. Kxc3 Nd5+ 29. Kb2 Nb4 30. Re4 a4 31. Qd2 Nc6 32. Rxa4 Kg7 33. Qh6+ Kg8 34.
c4 f6 35. Re1 Kf7 36. Qe3 Qb7 37. Qxe6+ 1-0

[Event "ICS rated bullet match"]
[Site "204.178.125.65"]
[Date "2000.03.29"]
[Round "?"]
[White "izirom"]
[Black "Hossa"]
[Result "0-1"]
[WhiteElo "1951"]
[BlackElo "2422"]
[PlyCount "38"]

1. e4 e5 2. Nf3 Nc6 3. Bb5 a6 4. Ba4 Nf6 5. O-O Be7 6. Re1 b5 7. Bb3 O-O 8. c3
d5 9. exd5 Nxd5 10. a4 Bb7 11. axb5 axb5 12. Rxa8 Bxa8 13. Nxe5 Nxe5 14. Rxe5
Bf6 15. Re1 Nf4 16. d4 Nxg2 17. Rf1 Nh4 18. Nd2 Bxd4 19. cxd4 Qg5+ 0-1

[Event "ICS rated bullet match"]
[Site "204.178.125.65"]
[Date "2000.03.29"]
[Round "?"]
[White "Hossa"]
[Black "lhg"]
[Result "1-0"]
[WhiteElo "2424"]
[BlackElo "2173"]
[PlyCount "91"]

1. d4 d5 2. c4 e6 3. Nc3 Nf6 4. Bg5 Be7 5. e3 Nbd7 6. Nf3 O-O 7. Rc1 a6 8. c5
c6 9. Bd3 e5 10. dxe5 Ne8 11. Bxe7 Qxe7 12. O-O Nxe5 13. Nxe5 Qxe5 14. Qd2 Nf6
15. Ne2 Bf5 16. f4 Qe6 17. Nd4 Ne4 18. Nxe6 fxe6 19. Bxe4 Bxe4 20. Rcd1 Rf7 21.
a4 Raf8 22. b4 Rf5 23. g4 R5f7 24. h4 g6 25. Qb2 Rg7 26. Qe5 Rgf7 27. Qxe6 Kg7
28. Qe5+ Kg8 29. Qb2 Rf6 30. h5 R6f7 31. hxg6 hxg6 32. Rf2 Rh7 33. Kf1 Rff7 34.
Ra1 Rh1+ 35. Ke2 Rhh7 36. Qe5 Re7 37. Qb8+ Kf7 38. f5 gxf5 39. gxf5 Re8 40.
Qxb7+ Re7 41. Qxc6 Kf8 42. Qf6+ Ref7 43. Qd8+ Kg7 44. Rg1+ Bg2 45. Rfxg2+ Kh6
46. Rh1# 1-0